000 00772nam a2200217 i 4500
001 33049
003 ES-MaACL
005 20250817123108.0
007 t|
008 030201s1911 sp acf |||| | spa d
100 1 _aBeruete, Aureliano de,
_d1845-1912
_9149341
245 1 3 _aEl Velázquez de Parma :
_bretrato de Felipe IV pintado en Fraga /
_cA. de Beruete.
260 _aMadrid :
_b[s.n.],
_c1911 (
_fImp. de José Blass y Cª)
300 _a18 p., [2] h. de lám. :
_bil. ;
_c31 cm.
599 _aLám.: fototipias de Hauser y Menet.
600 0 0 _aFelipe
_bIV,
_cRey de España-
_xRetratos
_9236357
600 1 4 _aVelázquez, Diego,
_d1599-1660
_9113793
710 2 _aHauser y Menet (Madrid)
_94558
852 _aES-MaACL
_jT-1187-F-4
999 _c33049
_d33049